000
00332nam a2200133Ia 4500
008
220204s9999 xx 000 0 und d
082
_a
657.6
_b
STE
100
_a
Stettler, Howard F
245
0
_a
Systems based independent audits
250
_a
Ed.2
260
_a
New Jersey
_b
Prentice Hall
_c
1974
650
_a
Auditing
942
_c
BK
999
_c
24467
_d
24467